Greek | English |
λέγω, ἐρῶ, εἶπον, ἐρρήθην | I say, speak, tell | | 85% | Λακεδαιμόνιοι, Λακεδαιμονίων, οἱ | the Spartans | | 85% | λαμβάνω, λήѱομαι, ἔλαβον, ἐλήφθην | I take, capture | | 85% | λόγος, λόγου, ὁ | word, speech, argument, story, account | | 85% | κόπτω, κόѱω, ἔκοѱα | I cut (down) | | 80% | κρύπτω | I hide | | 80% | μέγας, μεγάλη, μέγα | big, great | | 80% | μικρός, μικρά, μικρόν | small, little | | 75% | μάχη, μάχης, ἡ | fight, battle | | 75% | μάχομαι, μαχοῦμαι, ἐμαχεσάμην | I fight | | 75% | μήτηρ, μητρός, ἡ | mother | | 70% | λάθρᾳ | in secret, secretly | | 70% | λείπω, λείѱω, ἔλιπον, ἐλείφθην | I leave | | 70% | λύω | I untie, set free | | 70% | ... μέν... δέ ... | On the one hand ... but on the other hand ... | | 70% |
|
Greek | English |
μή | not | | 70% | κωλύω + inf | I hinder, prevent (someone from doing) | | 65% | μανθάνω, μαθήσομαι, ἔμαθον | I learn, understand | | 65% | μέντοι | however | | 65% | μετά + gen | with | | 65% | μήτε... μήτε... | neither ... nor ... | | 65% | μένω, μενῶ, ἔμεινα | I wait, remain | | 60% | μετά + acc | after | | 60% | μηδείς, μηδεμία, μηδέν | no-one, nothing, no ... | | 60% | μηδέποτε | never | | 60% | μάλιστα | most, very much, especially | | 55% | κτάομαι, κτήσομαι, ἐκτησάμην | I obtain, get | | 50% | λιμήν, λιμένος, ὁ | harbour | | 50% | μᾶλλον | more | | 50% | μέλλω, μελλήσω, ἐμέλλησα + fut inf | I intend, am going to | | 40% |
|
Comments